Normal view
MARC view
Entry Personal Name
001 - CONTROL NUMBER
- control field: 4334
003 - CONTROL NUMBER IDENTIFIER
- control field: ARRUPE
005 - DATE AND TIME OF LATEST TRANSACTION
- control field: 20131128112651.0
008 - FIXED-LENGTH DATA ELEMENTS
- fixed length control field: 131128|| aca||aabn | a|a d
040 ## - CATALOGING SOURCE
- Original cataloging agency: ARRUPE
- Transcribing agency: ARRUPE
100 ## - HEADING--PERSONAL NAME
- Personal name: Burton, Richard
- General subdivision: Exploration.
670 ## - SOURCE DATA FOUND
- Source citation: Work cat.: (ARRUPE)118821: McLynn, Frank J. 4315, Burton, 1990